00924nam a2200205 a 450000100100000000500170001000800410002702000150006804000250008304100140010824501150012226001190023730000410035650000420039750000300043950400210046995201050049095201060059599900170070100003750920200930080413.0120420d1995 sp ac 000 0 spa d a8460613216 aDO-SdBNPbspacBNPHU17aspa.bglg00aEstudos adicados a Fr. Martín Sarmiento :bartigos tirados dos Cuadernos de estudios gallegos (1945-1982) /. aSantiago de Compostela :bConsejo Superior de Investigaciones Científicas :bInstituto "Padre Sarmiento",c1995. aXIX, 545 p. :bil., retrs. ;c24 cm. aIncluye notas al pie de las páginas aIncluye textos en gallego aBibliografía : 001050718MOaGRbGRcCTd2012-04-20iLF1l0o p37509-10r2020-06-25w2020-06-25y1ZNo se presta 0010507-18MOaGRbGRcOId2012-04-20iLF1l0o p37510-10r2020-06-25w2020-06-25y1ZNo se presta c36999d36999